000 00718nam a2200241 a 4500
001 BRL_743
005 20190320210857.0
008 011013s1953----gw-#######---#000-1#ger-#
041 _ager
044 _agw
050 4 _aPR6017.S5
_b.I74 1953
100 1 _aIsherwood, Christopher
_d1904-1986
_924806
245 1 0 _aPraterveilchen
_cvon Christopher Isherwood ; deutsch von Hansi Bochow-Blüthgen.
260 _aHamburg
_bRowholt
_c1953
300 _a156 p.
_c19 cm.
440 0 _aRororo Taschenbücher
_v81
_924807
500 _aAu834
500 _aTraducción de: Prater Violet.
650 1 4 _aLiteratura inglesa
_vNovela
_924498
700 1 _aBochow-Blüthgen, Hansi
_etr.
_924808
902 _aGRL
942 _2lcc
_cB
999 _c9555
_d9555